कामनापैथी: एफ्फीसिएन्सी का कोर्स (Record no. 31512)

MARC details
000 -LEADER
fixed length control field 00413nam a22001217a 4500
003 - CONTROL NUMBER IDENTIFIER
control field SGT
082 ## - DEWEY DECIMAL CLASSIFICATION NUMBER
Classification number 080
Item number K83K
100 ## - MAIN ENTRY--PERSONAL NAME
Personal name किशोराणी, प्रकाशचंद्रनाशोक
245 ## - TITLE STATEMENT
Title कामनापैथी: एफ्फीसिएन्सी का कोर्स
260 ## - PUBLICATION, DISTRIBUTION, ETC. (IMPRINT)
Name of publisher, distributor, etc संसार साहित्य मंडल
Year of Publication 1983
300 ## - PAGE DESCRIPTION
No. of Pages 128
942 ## - ADDED ENTRY ELEMENTS (KOHA)
Source of classification or shelving scheme Dewey Decimal Classification
Koha item type Books

No items available.